Anuario de estudios americanos /
I tiakina i:
| Hōputu: | Pukapuka |
|---|---|
| Reo: | Pāniora |
| Rangatū: | (Anuarios de Estudios Americanos ;
6) (Publicaciones de la Escuela de Estudios Hispano-Americanos de Sevilla ; 61) |
| Ngā marau: | |
| Ngā Tūtohu: |
Kāore He Tūtohu, Me noho koe te mea tuatahi ki te tūtohu i tēnei pūkete!
|
MARC
| LEADER | 00000nam^a2200000^a^4500 | ||
|---|---|---|---|
| 001 | 000136137 | ||
| 005 | 20250521000000.0 | ||
| 009 | 20260310095308.363 | ||
| 037 | |a Acervo ITESO - Biblioteca | ||
| 041 | |a ESP | ||
| 082 | |a 980. 005 |b ANU 1949 | ||
| 240 | 1 | 1 | |a [Anuario de estudios americanos] |
| 245 | 0 | 0 | |a Anuario de estudios americanos / |
| 264 | |a Sevilla, España : |b Universidad de Sevilla, Escuela de Estudios Hispanoamericanos de Sevilla, |c 1949 | ||
| 300 | |a 871 p. | ||
| 336 | |a texto |b txt |2 rdacontenido | ||
| 337 | |a sin mediación |b n |2 rdamedio | ||
| 338 | |a volumen |b nc |2 rdasoporte | ||
| 440 | 1 | |a (Anuarios de Estudios Americanos ; |v 6) | |
| 440 | 1 | |a (Publicaciones de la Escuela de Estudios Hispano-Americanos de Sevilla ; |v 61) | |
| 649 | |a XX | ||
| 650 | |a Latinoamérica - |x Historia - |x Publicaciones Periódicas | ||
| 650 | |a España - |x Historia - |x Publicaciones Periódicas | ||
| 650 | |a Educación Superior - |z Chile | ||
| 650 | |a Matrimonio - |x Aspectos Jurídicos | ||
| 650 | |a Matrimonio - |x Aspectos Económicos | ||
| 650 | |a Derecho Indígena | ||
| 650 | |a Derecho Canónico | ||
| 650 | |a Política Indigenista - |x Historia | ||
| 650 | |a Baños - |z México - |x Historia - |y Siglo XVIII | ||
| 650 | |a México - |x Historia - |y Descubrimiento y Conquista, 1517-1521 | ||
| 650 | |a México - |x Historia - |y Epoca Colonial, 1517-1821 | ||
| 650 | |a Perú - |x Historia - |y Siglo XVIII | ||
| 650 | |a Militares Españoles | ||
| 650 | |a Virreyes de Perú - |x Biografías | ||
| 650 | |a Virreyes de México - |x Biografías | ||
| 650 | |a Escritores Españoles - |x Biografías | ||
| 650 | |a Exploradores y Viajeros Españoles | ||
| 650 | |a Conquistadores Españoles | ||
| 650 | |a Príncipe de Esquilache | ||
| 650 | |a Cortés, Hernán | ||
| 910 | |a Fondo Salvador Reynoso Reynoso | ||
| 920 | |a Impresos - Libros | ||
| 930 | |a Fondos Especiales | ||
| 905 | |a 112 | ||
| 901 | |a 0800013502 |b IT2 |c ESP |u 20250521 | ||
| 902 | |a https://opac.biblio.iteso.mx/vufind/Record/000136137 | ||